000 00574nam a2200181 a 4500
001 001098543
003 AM-YeHGA
005 20250617151606.0
008 150828s1958 ||| r 000 0 rus d
040 _aAM-YeHGA
041 0 _arus
100 1 _aПопов, Николай Иванович
245 1 0 _aСлово современника /
_cНиколай Попов.
260 _aКалинин :
_bКалининское кн. изд-во,
_c1958.
300 _a55 с. :
_bпорт.
653 0 _aРусская советская поэзия
090 _c356281
999 _c354464
_d354464